[Event "Pan American-ch U20"]
[Site "Cochabamba"]
[Date "2019.08.03"]
[Round "5"]
[White "Zambrana Estrada, Breyner Andre"]
[Black "Cari, Nicolas"]
[Result "0-1"]
[WhiteElo "1426"]
[BlackElo "1788"]
[PlyCount "41"]
[EventDate "2019.08.01"]
[EventType "swiss"]
[EventRounds "9"]
[EventCountry "BOL"]
[SourceTitle "EXT 2020"]
[Source "ChessBase"]
[SourceDate "2019.10.17"]
[SourceVersion "1"]
[SourceVersionDate "2019.10.17"]
[SourceQuality "1"]

1. d4 Nf6 2. c4 e5 3. e3 Bb4+ 4. Nd2 exd4 5. exd4 0-0 6. Ngf3 Re8+ 7. Be2 Qe7 8. a3 Bxd2+ 9. Bxd2 d5 10. Ne5 c5 11. Be3 cxd4 12. Qxd4 Qxe5 13. Qxe5 Rxe5 14. Bf4 Re4 15. Bg3 Nc6 16. f3 Re7 17. Kf2 d4 18. Bd6 Rd7 19. c5 a5 20. Bd3 Ne8 21. Bf5 0-1